| 000 | 00344nam a22001337a 4500 | ||
|---|---|---|---|
| 082 | _aCP-88 | ||
| 100 |
_aNadeem Iqbal _947573 |
||
| 110 |
_aTabraiz Tehami Khan _951520 |
||
| 245 |
_aEngineering Hydrology _bCE-354 Course Pack |
||
| 260 |
_aRisalpur, _bMCE, _c2018. |
||
| 300 | _adifferent pages | ||
| 526 |
_a0 _b0 _c0 _dCP_88 |
||
| 942 |
_2ddc _cBK |
||
| 999 |
_c554204 _d554204 |
||